000 00476nam a2200157Ia 4500
008 220216s9999 xx 000 0 und d
100 _aThornagel M
245 0 _aProcess simulation of rubber injection moulding: Effects of inserts on the heat flux and the article quality
260 _bKautschuk Gummi Kunststoffe
_c2012
300 _a49-54
650 _aInjection moulding
650 _aPart quality
650 _aProcess simulation
700 _aFlorez L
942 _cJS
999 _c65748
_d65748